Anime General Knowledge #1 - Statistics

General Stats
  • This quiz has been taken 782 times
    253 since last reset
  • The average score is 11 of 20
Answer Stats
Hint Answer % Correct
Book that kills anyone who's name is written in it Death Note
95%
Quirk that belongs to All Might and was passed on to Midoriya in My Hero Academia One For All
82%
Who is said to be the only demon who is able to convert humans to demons in Demon Slayer? Muzan
81%
Who is the straw hat pirates navigator? Nami
80%
How many inheritable titans are there in Attack on Titan? 9
74%
City that was obliterated by Sukuna in season two of Jujutsu Kaisen Shibuya
69%
Who is the student of Saitama from One Punch Man? Genos
64%
Name any one of the 6 (Technically 7) original upper moons in Demon Slayer Gyutaro / Daki / Gyokko / Hantengu / Akaza / Douma / Kokushibo
63%
In Naruto, who says "Wake up to reality. Nothing ever goes as planned in this accursed world."? Madara
63%
Titan that was able to overcome the wall after a century of peace in Attack on Titan Colossal
59%
All-Might's iconic catchphrase in My Hero Academia Plus Ultra
50%
What do people yell to stop time in Jojo's Bizzare Adventure? The World
50%
Name of the Dragon that appears when all 7 of Earth's Dragon Balls are gathered Shenron
48%
Creator of Dragon Ball that sadly passed away in early 2024 Akira Toriyama
42%
What does Gojo need to combine to make Hollow Purple? (________ Red, and _____ Blue) Reversal Red
35%
Planet that the Saiyans called home before Frieza blew it up Vegeta
34%
Real name of Kirito from Sword Art Online Kazuto Kirigaya
29%
What role does Sung Jin-woo accept at the end of season one of Solo Leveling? Necromancer
26%
What does Gojo need to combine to make Hollow Purple? Lapse Blue
24%
Ichigo's main and most iconic attack Getsuga Tenshou
18%
No matching quizzes found
Score Distribution
Percent of People with Each Score
Percentile by Number Answered
Your Score History
You have not taken this quiz since the last reset